1114 1114 1312 1439 1773 1517 1173 1632 1115 1595 1311 1819 1818 1238 1106 1154 1365 1425 1913 1374 1140 1477 1075 1506 1471 1091 1361 1535 1191 1736 1466 1519 1159 1507 1808 1756 1773 1263 1341 1039 1869 1595 1039 1409 1903 1530 1035 1199 1993 1266 1587 1749 1255 1207 1780 1409 1376 1880 1133 1648 1434 1404 1226 1665 1309 1018 1953 1256 1778 1804 1710 1207 1215 1502 1375 1385 1328 1279 1392 1772 1875 1598 1556 1034 1317 1892 1050 1113 1185 1615 1766 1369 1789 1647 1592 1883 1209 1293 1335 BCNSPRNW ULIB Ver.6.0+V

เปลี่ยนเป็นภาษาไทย

Change to English
 แสดงรายละเอียดบรรณานุกรม
  กลับหน้าหลัก

Brief Record : Get Marc (ISO 2709) : E-mail record : QR code < ปิดหน้าต่าง
LEADER : 00000nam 2200000uu 4500
001    13399125379
003     ULIB
008    170518s2559||||th 000 0 tha d
020    ^a9786163142177
060 04 ^aWB105^bว617ก
100 0  ^aวินชนะ ศรีวิไลทนต์, บรรณาธิการ
245 00 ^aการดูแลรักษาภาวะช็อกในห้องฉุกเฉิน =^bComprehensive Shock Resuscitation in Emergency Department /^cวินชนะ ศรีวิไลทนต์, บรรณาธิการ
250    ^aพิมพ์ครั้งที่ 1 (ราคา 300 บาท)
260    ^aปทุมธานี :^bโรงพิมพ์มหาวิทยาลัยธรรมศาสตร์ศูนย์รังสิต,^c2559
300    ^a159 หน้า :^bภาพประกอบ ; ตาราง ;^c29 ซม.
505 0  ^aบทที่ 1 ภาวะช็อกในห้องฉุกเฉิน
505 0  ^aบทที่ 2 ภาวะช็อกในผู้ป่วยที่ได้รับอุบัติเหตุ
505 0  ^aบทที่ 3 ภาวะช็อกจากการเสียเลือดหรือขาดสารน้ำ
505 0  ^aบทที่ 4 ภาวะช็อกจากการอุดกั้น
505 0  ^aบทที่ 5 ภาวะช็อกจากการกระจายของเลือด
505 0  ^aบทที่ 6 ภาวะช็อกจากหัวใจ
505 0  ^aบทที่ 7 การทำอัลตราซาวน์เพื่อช่วยในการประเมินภาวะช็อก
650  7 ^aเวชศาสตร์ฉุกเฉิน
650  7 ^aภาวะช็อก
945    ^p0^l0^i002173
945    ^p0^l0^i002174
945    ^p0^l0^i002175
999    ^aวรรณษา ชูชัยมงคล
รายการนี้ยังไม่มีแท็ก
คุณยังไม่ได้ล็อกอิน คุณสามารถมีกิจกรรมร่วมกับเว็บไซต์ได้ แต่ต้องล็อกอินก่อน ::
  ล็อกอิน

รายการสื่อสารสนเทศ

ลำดับที่ ประเภท เลขเรียก/บาร์โค้ด สถานที่ สถานะ
1. วิทยาศาสตร์การแพทย์ และสุขภาพ
วิทยาศาสตร์การแพทย์ และสุขภาพ
สถานะ=หนังสือเก่า
WB105 ว617ก ฉ.1 
  Barcode: 002173
ห้องสมุดวิทยาเขตสวรรค์ประชารักษ์
►ส่วนจัดเก็บหนังสือเก่า สปร
บนชั้น
  ขอยืม
2. วิทยาศาสตร์การแพทย์ และสุขภาพ
วิทยาศาสตร์การแพทย์ และสุขภาพ
WB105 ว617ก ฉ.2 
  Barcode: 002174
ห้องสมุดวิทยาเขตสวรรค์ประชารักษ์
►หนังสือทั่วไป
บนชั้น
3. วิทยาศาสตร์การแพทย์ และสุขภาพ
วิทยาศาสตร์การแพทย์ และสุขภาพ
WB105 ว617ก ฉ.3 
  Barcode: 002175
ห้องสมุดวิทยาเขตสวรรค์ประชารักษ์
►หนังสือทั่วไป
บนชั้น

รายการใกล้เคียง
    ผู้แต่ง [วินชนะ ศรีวิไลทนต์, บรรณาธิการ]

    หัวเรื่อง [เวชศาสตร์ฉุกเฉิน]
    หัวเรื่อง [ภาวะช็อก]

BibComment


ยังไม่เคยถูกคอมเมนท์

คอมเมนท์ทรัพยากรรายการนี้
  คอมเมนท์: การดูแลรักษาภาวะ..


 Copyright 2026. Bcnsprnw @Library